|
|
|
|
| LEADER |
00000nam0a2200000 4500 |
| 001 |
253718 |
| 005 |
20231101232853.0 |
| 010 |
|
|
|a 5030009299
|
| 020 |
|
|
|a RU
|b 89-49362
|
| 035 |
|
|
|a (RuTPU)RU\TPU\book\276127
|
| 090 |
|
|
|a 253718
|
| 100 |
|
|
|a 20140315d1989 k a0rusy5003 ca
|
| 101 |
1 |
|
|a rus
|c eng
|
| 102 |
|
|
|a RU
|
| 105 |
|
|
|a a z 001zy
|
| 200 |
1 |
|
|a Кимберлиты и лампроиты Западной Австралии
|e пер. с англ.
|f А. Л. Джейкс, Дж. Луис, К. Смит
|g под ред. Н. В. Соболева
|
| 210 |
|
|
|a Москва
|c Мир
|d 1989
|
| 215 |
|
|
|a 430 с.
|c ил.
|
| 320 |
|
|
|a Библиогр.: с. 404-418 (381 назв.)
|
| 320 |
|
|
|a Имен. указ.: с. 419-421.
|
| 320 |
|
|
|a Предметный указатель: с. 422-426.
|
| 320 |
|
|
|a Географический указатель: с. 427-428.
|
| 606 |
1 |
|
|a Кимберлиты
|x (петрография)
|2 stltpush
|3 (RuTPU)RU\TPU\subj\14339
|9 40749
|
| 610 |
1 |
|
|a Австралия
|
| 610 |
1 |
|
|a лампроиты
|
| 610 |
1 |
|
|a провинции
|
| 610 |
1 |
|
|a геология
|
| 610 |
1 |
|
|a петрография
|
| 610 |
1 |
|
|a минералогия
|
| 610 |
1 |
|
|a химизм
|
| 675 |
|
|
|a 552.323
|z rus
|
| 700 |
|
1 |
|a Джейкс
|b А. Л.
|4 070
|
| 701 |
|
1 |
|a Луис
|b Дж.
|
| 701 |
|
1 |
|a Смит
|b К.
|
| 702 |
|
1 |
|a Соболев
|b Н. В.
|4 340
|
| 801 |
|
0 |
|a RU
|b RuMRKP
|c 19950417
|g psbo
|
| 801 |
|
1 |
|a RU
|b 63413507
|c 20140315
|
| 801 |
|
2 |
|a RU
|b 63413507
|c 20140520
|g RCR
|
| 942 |
|
|
|c BK
|